000 00907nam0a22002531 4500
001 rc\3739969
005 20260407080702.0
021 _aRU
_bРг8833-73
035 _a(NLR Aleph) 007783947
090 _a7599635
_c7599635
100 _a20130115d1973 |||y0rusy50 ca
101 0 _arus
102 _aRU
105 _aa b |||||
200 1 _aСтабилизаторы, автотрансформаторы, сварочные и зарядные аппараты
_e[Каталог]
_fИнформэлектро
210 _aМосква
_cБ. и.
_d1973
215 _a11 с.
_cил.
_d29
225 1 _aТоргово-промышленная информация
_iЭлектротехника СССР
712 0 2 _4475
_aВНИИ электромеханики
_9284356
_3RU\NLR\AUTH\886279
801 0 _aRU
_bNLR
_gpsbo
801 1 _aRU
_bELAR
_2rusmarc
852 _aNLR
_bСВТЛ
942 _cBOOK
980 _aNB